Uso del aceite esencial de Eucalyptus globulus en el control de áfidos de alfalfa /

Guardado en:
Autor Principal: Colás, Manuel.
Autor Corporativo: Universidad Nacional del Sur. Departamento de Agronomía.
Otros Autores: Descamps, Lilian Renée, (tutor.)
Formato: Libro
Idioma:Spanish
Publicado: Bahía Blanca, 2017.
Etiquetas: Agregar Etiqueta
Sin Etiquetas, Sea el primero en etiquetar este registro!
LEADER 00730nam a22001695a 4500
001 EEA.libagro010885
005 20181010083834.0
008 170906s2017####ag############000#0#spa#d
082 0 4 |a 633.3196 
100 1 |a Colás, Manuel. 
245 1 0 |a Uso del aceite esencial de Eucalyptus globulus en el control de áfidos de alfalfa /  |c Manuel Colás. 
260 |a Bahía Blanca,  |c 2017. 
300 |a 31 h. :  |b il. col., fot. col. ;  |c 30 cm. 
500 |a Trabajo de intensificación (Ingeniero Agrónomo) -- Universidad Nacional del Sur. Departamento de Agronomía, 2017. 
700 1 |a Descamps, Lilian Renée,  |e tutor. 
710 2 |a Universidad Nacional del Sur.  |b Departamento de Agronomía. 
859 |a AR-BbBCA  |b BIB. AGRONOMIA  |h 633.3196  |i C683  |p 2017/6814